Statistics for July quiz!!!!

Click here to take the quiz!

General Stats

  • This quiz has been taken 12 times
  • The average score is 8 of 13

Answer Stats

QuestionAnswer% Correct
How many days are in July?31
100%
What are some aesthetics in July?4th of July ,Summer, watermelons, etc.
100%
July is in what season?Summer
100%
July is the __ month?7th
91%
What's July's Birthstone?Ruby
91%
July in the southern hemisphere is what seasonWinter
91%
What's the holiday in July?Independence Day/4th of July
82%
The ___ of July is a rare birthday day in july4th
64%
What are the 2 Zodiac signs in July?Cancer and leo
45%
What day is National Fried Chicken Day?July 6th
27%
What is July's bird?Bluebird
18%
What is July's flower?Larkspur
18%
How many days does it take to get to July?181 Days/6 months
9%

Score Distribution

Percentile by Number Answered

Percent of People with Each Score

Your Score History

You have not taken this quiz